000 00646nas a2200217 4500
001 BR9502095
003 BR-BrBNA
005 20231205094318.0
007 ta
008 230509b bl.|||p| |||| 00| 00por d
040 _aBR-BrBNA
_bpor
_cBiblioteca Nacional de Agricultura
041 _a(Pt)
072 _aF50
100 1 _aFerreira, S.A. do N.
245 1 _aBiometria de frutos araca-boi (Eugenia stipitata Mc Vaugh).
650 _aAraca-Boi
650 _aBiometria
773 0 _tActa Amazonica (Brazil)
_xISSN 0044-5967
_g(Jul-Sep 1992), v. 22(3) p. 295-302
_wBR9502095
909 _a202311
_bLúcia
_c55
_dLúcia Elande
942 _2AGRIS
_n0
_cANA
999 _c143502
_d143502